000 00660cam a22001457a 4500
008 180718b1954 xxu||||| |||| 00| 0 eng d
082 _aP62x54 In2n
100 _aIndia. National Trades Certification Investigation Committee
245 _aReport of the National Trades Certification Investigation Committee, 1952
_cby Directorate General of Pesettlement and Employment, Ministry of Labour
260 _aDelhi
_bThe Manager of Publications
_c1954
300 _a208p.
500 _aChairman: M. Ananthasayanam Ayyangar
700 _aIndia. Ministry of Labour. Directorate General of Resettlement and Employment
700 _aAyyangar, M. Ananthasayanam (Chairman)
999 _c489446
_d489446